000 00549nam a2200229Ia 4500
003 OSt
005 20220924153232.0
006 a|||||r|||| 00| 0
007 ta
008 220923b |||||||| |||| 00| 0 guj d
024 _a347383
037 _cTextual
040 _aARTS
_cARTS
_bguj
041 _2guj
_aguj
082 _aR6893, 156J1
100 _aGandhi
_9152343
245 0 _aMalatilak sha mate
260 _c1951
650 _aPHILOSOPHY
942 _hR6893, 156J1
_cTEXL
_2CC
999 _c472866
_d472866